00466 2200193 4500001002100000005001500021008004100036020002200077035001900099041000700118082001000125090001600135100002100151245002000172260001600192300002300208500001000231650003100241INLIS00000000000481820241224113001241224||||||||| | ||| |||| || |  a978-602-0832-27-2 0010-1224004818 aid0 a741.5 a741.5 NYO k0 aNyoman Sri Utami00akamu makan apa? busaidc2015 a16hlm.;ilus.;18 cm acet.1 0ailmu kesenian dan olahraga